Statistics for OH NO! North America has fallen into the sea.

Click here to take the quiz!

General Stats

  • This quiz has been taken 64 times
  • The average score is 22 of 23

Answers on the Map

Answers color-coded by a green-red scale on the quiz's map according to % correct below.
 

Answer Stats

Answer% Correct
Canada
100%
Mexico
100%
United States
100%
Cuba
98%
Dominica
98%
Haiti
98%
Jamaica
98%
Guatemala
97%
Honduras
97%
Panama
97%
Belize
95%
Dominican Republic
95%
El Salvador
95%
Costa Rica
93%
Bahamas
91%
Nicaragua
91%
Barbados
90%
St. Kitts and Nevis
90%
Antigua and Barbuda
88%
Grenada
88%
Trinidad and Tobago
88%
St. Vincent and the Grenadines
86%
St. Lucia
84%

Score Distribution

Percentile by Number Answered

Percent of People with Each Score

Your Score History

You have not taken this quiz